Fine intention adds to workplace grief (Record no. 76410)

MARC details
000 -LEADER
fixed length control field 01573cab a2200217 4500
001 - CONTROL NUMBER
control field ##L132354
008 - FIXED-LENGTH DATA ELEMENTS--GENERAL INFORMATION
fixed length control field 060131n2006 000 0 eng u
035 ## - SYSTEM CONTROL NUMBER
System control number (Sirsi) u132354
041 0# - LANGUAGE CODE
Language code of text/sound track or separate title eng
100 1# - MAIN ENTRY--PERSONAL NAME
Personal name Broad, Murray
245 00 - TITLE STATEMENT
Title Fine intention adds to workplace grief
260 ## - PUBLICATION, DISTRIBUTION, ETC.
Date of publication, distribution, etc. 2006
490 #0 - SERIES STATEMENT
Series statement Planning (for the Natural and Built Environment)
Volume/sequential designation (1651) 13 January 2006, 13-14(2)
520 ## - SUMMARY, ETC.
Summary, etc. Considers the sustainability appraisal agenda, a major feature of the reformed planning system, which aims to embed the principles of sustainable development into the policy preparation process. Discusses the increasing gap between those in government overseeing the agenda and those local government planners who are implementing it. Comments that most sustainable appraisal reports to date have been larger than the plans that they appraise. Government even suggests that local authorities should seek legal advice before publishing their appraisal reports for fear of legal challenge. Concludes that the time-consuming sustainability appraisal process is the antithesis of what the reformed planning system sets out to achieve. Appended is a review by Sean Nicholson of the ODPM's final draft of guidance on sustainability appraisal of regional spatial strategies and local development documents.
590 ## - LOCAL NOTE (RLIN)
Local note IKA310106
650 24 - SUBJECT ADDED ENTRY--TOPICAL TERM
Topical term or geographic name entry element PLANNING AND COMPULSORY PURCHASE ACT 2004 S19(5)
650 24 - SUBJECT ADDED ENTRY--TOPICAL TERM
Topical term or geographic name entry element DIRECTIVE 2001/42/EC
690 ## - LOCAL SUBJECT ADDED ENTRY--TOPICAL TERM (OCLC, RLIN)
Topical term or geographic name as entry element ENVIRONMENTAL AND LAND CONSULTANCY-PLANNING AND DEVELOPMENT-PLANNING REFORM
700 1# - ADDED ENTRY--PERSONAL NAME
Personal name Nicholson, Sean
942 ## - ADDED ENTRY ELEMENTS (KOHA)
Suppress in OPAC 0
Holdings
Withdrawn status Lost status Source of classification or shelving scheme Damaged status Not for loan Home library Current library Shelving location Date acquired Total Checkouts Full call number Barcode Date last seen Copy number Price effective from Koha item type
    Dewey Decimal Classification     London London Journal article 31/01/2006   L132354 132354-1001 06/08/2019 1 06/08/2019 Journal article